00361nam a22001337a 450000500170000002000230001703500130004003500170005303700130007010000220008324500550010526000430016030000240020320150319125257.0 a8121924030c300.00 aB-285063 aB-589616-641 aDPLbENG aRao, C.N. Shankar aSociology of Indian society /cby C.N. Shankar Rao aNew DelhibS. Chand and Company c2004 axiv, 689p.c24 cms.